|
|
|
|
| LEADER |
00000nam0a2200000 4500 |
| 001 |
290756 |
| 005 |
20231102000323.0 |
| 020 |
|
|
|a RU
|b 83-73069
|
| 035 |
|
|
|a (RuTPU)RU\TPU\book\315312
|
| 090 |
|
|
|a 290756
|
| 100 |
|
|
|a 20150408d1983 km y0rusy5003 ca
|
| 101 |
0 |
|
|a rus
|
| 102 |
|
|
|a KZ
|
| 105 |
|
|
|a a z 001zy
|
| 200 |
1 |
|
|a Метанообильность шахт Карагандинского бассейна
|f А. Д. Кизряков, Т. Е. Хакимжанов, Г. Хегай
|g Академия наук Казахской ССР (АН КазССР), Институт горного дела (ИГД)
|
| 210 |
|
|
|a Алма-Ата
|c Наука
|d 1983
|
| 215 |
|
|
|a 185 с.
|c ил.
|
| 320 |
|
|
|a Библиогр.: с. 180-184
|
| 606 |
1 |
|
|a Угольные шахты
|x Метанообильность
|2 stltpush
|3 (RuTPU)RU\TPU\subj\62808
|9 79875
|
| 610 |
1 |
|
|a определение в воздухе
|
| 610 |
1 |
|
|a газовыделение
|
| 610 |
1 |
|
|a метан
|
| 610 |
1 |
|
|a Карагандинский бассейн
|
| 610 |
1 |
|
|a угольные пласты
|
| 610 |
1 |
|
|a газовая динамика
|
| 610 |
1 |
|
|a подготовительные выработки
|
| 610 |
1 |
|
|a прогнозы
|
| 610 |
1 |
|
|a метановыделение
|
| 675 |
|
|
|a 622.411.3
|z rus
|v 3
|
| 700 |
|
1 |
|a Кизряков
|b А. Д.
|g Анатолий Дмитриевич
|4 070
|
| 701 |
|
1 |
|a Хакимжанов
|b Т. Е.
|g Темирхан Едрисович
|
| 701 |
|
1 |
|a Хегай
|b Г.
|g Генчо
|
| 712 |
0 |
2 |
|a Академия наук Казахской ССР (АН КазССР)
|b Институт горного дела (ИГД)
|c (Алма-Ата)
|2 stltpush
|3 (RuTPU)RU\TPU\col\19178
|
| 801 |
|
0 |
|a RU
|b RuMRKP
|c 19950704
|g psbo
|
| 801 |
|
1 |
|a RU
|b 63413507
|c 20150408
|
| 801 |
|
2 |
|a RU
|b 63413507
|c 20190212
|g RCR
|
| 942 |
|
|
|c BK
|